000 00497cam a2200193ua 4500
001 412
008 110331n ii |||gr||||Z||||||eng
020 _a19-562058-5
040 _cMAIN
082 _a327
245 1 _aImage of the contemporary world
_cby Amiya Gooptu
250 _a1st.
260 _aCalcutta:
_bOxford university press,987.
300 _a109p:0cm.
653 _aPolitical science
653 _aImage of the contemporary world
700 _aGooptu, Amiya.,
_eAuthor.
942 _cBK
999 _c357
_d357